[Event "Wch U18"]
[Site "Al Ain"]
[Date "2013.12.23"]
[Round "8"]
[White "Goryachkina, Aleksandra"]
[Black "Tvarijonas, Tomas"]
[Result "1/2-1/2"]
[WhiteElo "2428"]
[BlackElo "2176"]
[PlyCount "92"]
[EventDate "2013.12.18"]
[EventType "swiss"]
[EventRounds "11"]
[EventCountry "UAE"]
[SourceTitle "CBM 158 Extra"]
[Source "ChessBase"]
[SourceDate "2014.02.28"]
[SourceVersion "1"]
[SourceVersionDate "2014.02.28"]
[SourceQuality "1"]

1. d4 d5 2. c4 c6 3. e3 Nf6 4. Nc3 e6 5. Nf3 Nbd7 6. Qc2 Bd6 7. Bd3 0-0 8. 0-0 dxc4 9. Bxc4 b5 10. Bd3 Bb7 11. e4 e5 12. dxe5 Nxe5 13. Nxe5 Bxe5 14. h3 h6 15. Be3 Bd4 16. Bxd4 Qxd4 17. Rad1 Qc5 18. a3 a5 19. Rfe1 Rfe8 20. Qb1 Qe5 21. Qc1 Rad8 22. Qe3 Nd7 23. Bf1 Qc5 24. Rd4 Nf8 25. Rd3 Qxe3 26. Rexe3 Rxd3 27. Bxd3 Ne6 28. e5 b4 29. axb4 axb4 30. Ne4 c5 31. Nd6 Re7 32. Bc4 Nf4 33. Nxb7 Rxb7 34. Re4 Ne6 35. Re1 Ra7 36. Rc1 Nd4 37. Bd3 Ra5 38. f4 Kf8 39. Kf2 Nb3 40. Rc2 Nd4 41. Rc4 Ke7 42. Ke3 f6 43. Ke4 fxe5 44. fxe5 Nb3 45. Rc2 Ra1 46. Rc4 Nd4 1/2-1/2

[Event "Wch U18"]
[Site "Al Ain"]
[Date "2013.12.23"]
[Round "9"]
[White "Tvarijonas, Tomas"]
[Black "Srbis, Jurica"]
[Result "1/2-1/2"]
[WhiteElo "2176"]
[BlackElo "2399"]
[PlyCount "125"]
[EventDate "2013.12.18"]
[EventType "swiss"]
[EventRounds "11"]
[EventCountry "UAE"]
[SourceTitle "CBM 158 Extra"]
[Source "ChessBase"]
[SourceDate "2014.02.28"]
[SourceVersion "1"]
[SourceVersionDate "2014.02.28"]
[SourceQuality "1"]

1. e4 e5 2. Nf3 Nc6 3. Bb5 a6 4. Ba4 Nf6 5. 0-0 Be7 6. Re1 b5 7. Bb3 0-0 8. c3 d5 9. d4 exd4 10. e5 Ne4 11. Nxd4 Nxd4 12. cxd4 Bb4 13. Re2 c6 14. a3 Ba5 15. Bc2 f5 16. Nd2 Bb6 17. Nf3 h6 18. h4 Be6 19. Qd3 Ra7 20. a4 Raf7 21. axb5 axb5 22. Bd2 g5 23. Nh2 Rg7 24. Nf1 f4 25. Bb4 gxh4 26. Bxf8 Qxf8 27. Kh2 Bf5 28. Qa3 Qxa3 29. Rxa3 Bxd4 30. Nd2 Bxe5 31. f3 Nxd2 32. Bxf5 Nf1+ 33. Kg1 Ne3 34. Ra8+ Kf7 35. Bd7 Kf6 36. Bxc6 Rc7 37. Ra6 Kg5 38. b3 h3 39. gxh3 Kh4 40. Bxd5 Rg7+ 41. Kh1 h5 42. Re6 Bb8 43. Rb6 Be5 44. Rxb5 Kg3 45. b4 Rd7 46. Rd2 Nf1 47. Rg2+ Kh4 48. Kg1 Ng3 49. Rd2 Nf5 50. Kf1 Ng3+ 51. Kf2 Nf5 52. Rd3 Bd4+ 53. Ke1 Be3 54. Kd1 Nd4 55. Ra5 Rg7 56. Rxd4 Bxd4 57. Ke2 Kxh3 58. Kd3 Be3 59. b5 Ra7 60. Ra6 Rxa6 61. bxa6 Kg3 62. Ke4 h4 63. Be6 1/2-1/2